000 01192namaa2200313 i 4500
003 EG-GICUC
005 20260418140207.0
008 260418s2000 sy ||||jr|||| 000 0 ara d
040 _aEG-GiCUC
_bara
_cEG-GiCUC
_dEG-GiCUC
_erda
082 0 4 _221
_a210.92
_bS563z
092 0 4 _221
_a210.92
_bS563z
099 _a210.92 S563z
100 1 _aزرزور، عدنان محمد
_eمؤلف.
245 1 0 _aمصطفى السباعى :
_bالداعية المجدد 1333-1384 هـ ـ 1915- 1964 هـ /
_cبقلم الدكتور عدنان محمد زرزور
250 _aالطبعة الاولى
264 _aدمشق (سوريا) :
_bدار القلم،
_c2000
300 _a550 صفحة ؛
_c24 سم
336 _2rdacontent
_atext
337 _2rdamedia
_aUnmediated
338 _2rdacarrier
_avolume
490 0 _aأعلام المسلمين ؛
_v82
504 _aيشتمل على ارجاعات ببليوجرافية.
541 _aد. / جابر عصفور ؛
_bالقاهرة ؛
_cإهداء ؛
_d2024.
600 1 0 _aالسباعي، مصطفى،
_d1915-1964
650 1 7 _aالعلماء المسلمون
_2qrmak
651 1 _2qrmak
905 _aAmira
942 _2ddc
_cBK
_e21
_n0
999 _c179556
_d179556